书目信息 |
| 题名: |
李光耀传
|
|
| 作者: | 凌翔 著 | |
| 分册: | ||
| 出版信息: | 北京 中国友谊出版公司 2014 |
|
| 页数: | 338页 | |
| 开本: | 24cm | |
| 丛书名: | ||
| 单 册: | ||
| 中图分类: | K833.397=6 , K833.397 | |
| 科图分类: | ||
| 主题词: | 政治人物 , 政治人物--传记--新加坡--现代 | |
| 电子资源: | ||
| ISBN: | 978-7-5057-3373-2 | |
| 000 | 00870nam0 2200265 450 | |
| 001 | 139832 | |
| 005 | 20140913145021.57 | |
| 010 | @a978-7-5057-3373-2@dCNY 39.80 | |
| 100 | @a20140808d2014 em y0chiy50 ea | |
| 101 | 0 | @achi |
| 102 | @aCN@b110000 | |
| 105 | @aa z 000yb | |
| 200 | 1 | @a李光耀传@Ali guang yao zhuan@b专著@f凌翔著 |
| 210 | @a北京@c中国友谊出版公司@d2014 | |
| 215 | @a338页@c照片@d24cm | |
| 330 | @a本书全面记录了新加坡首任总理李光耀波澜壮阔的一生,他在政治场上的斗争,经济浪潮中的搏击,艰险经历中的强大意志,以及他过人的胆识、伟人的魄力,都将在字里行间中一一呈现。 | |
| 600 | 0 | @a李光耀@f(1923-)@x传记 |
| 600 | 0 | @a李光耀@f(1923-) |
| 606 | 0 | @a政治人物 |
| 606 | 0 | @a政治人物@x传记@y新加坡@z现代 |
| 690 | @aK833.397=6@v5 | |
| 690 | @aK833.397@v4 | |
| 701 | 0 | @a凌翔@Aling xiang@4著 |
| 801 | 0 | @c20140913 |
| 905 | @a241430@dK833.397@eL566 | |
| 李光耀传/凌翔著.-北京:中国友谊出版公司,2014 |
| 338页:照片;24cm |
| ISBN 978-7-5057-3373-2:CNY 39.80 |
| 本书全面记录了新加坡首任总理李光耀波澜壮阔的一生,他在政治场上的斗争,经济浪潮中的搏击,艰险经历中的强大意志,以及他过人的胆识、伟人的魄力,都将在字里行间中一一呈现。 |
| ● |
| 相关链接 |
|
|
|
正题名:李光耀传
索取号:K833.397/L566
 
预约/预借
| 序号 | 登录号 | 条形码 | 馆藏地/架位号 | 状态 | 备注 |
| 1 | 0832216 | 208322162 | 社科库309/309社科库 60排7列3层/ [索取号:K833.397/L566] | 在馆 | |
| 2 | 0832217 | 208322171 | 社科库309/309社科库 60排7列3层/ [索取号:K833.397/L566] | 在馆 | |
| 3 | 0832218 | 208322180 | 社科库309/309社科库 60排7列3层/ [索取号:K833.397/L566] | 在馆 |